00921nam a2200241Ia 4500001000700000008004100007035001500048041000800063084001900071100002700090245028600117260002600403300002000429650001900449650002300468650002300491650001000514650000900524650002500533650002300558710006700581710003100648000659221003s1994 xx 000 0 spa d aCENDO_1748 aspa aGS-00008-00007 aNIETO SAINZ, Joaquín 0aCarta de la Secretaría Confederal de Medio Ambiente de CC.OO. al Consejero Presidente del Canal de Isabel II, para pedir colaboración con el fin de realizar entrevistas que contribuyan en el estudio sobre generación de empleo en las políticas ambientales /cJoaquín Nieto a[S.l. :bs.n.],c1994 a2 h. ;c 30 cm 0aMEDIO AMBIENTE aPOLITICA AMBIENTAL aPOLITICA DE EMPLEO aPITMA aAGUA aTRATAMIENTO DEL AGUA aCANAL DE ISABEL II aCCOObConfederación SindicalbSecretaría de Medio Ambiente aCANAL DE ISABEL IIcMadrid